000 00658nam a2200241Ia 4500
003 OSt
005 20221007100210.0
006 a|||||r|||| 00| 0
007 ta
008 221006b |||||||| |||| 00| 0 eng d
024 _a3,958
037 _cTextual
040 _aLCO
_cLCO
_beng
041 _2eng
_aeng
082 _aZ(Q2),1235, L0
100 _aGupte S.V.
_9683688
245 0 _aHindu Law of Adoption, Maintenance, Minority and Guardianship
260 _aBombay
_bN.M.Tripathi Private LTD India
_c1970
300 _a438
650 _aHINDU LAW
942 _hZ(Q2),1235, L0
_cTEXL
999 _c1173521
_d1173521